000 00707nam a2200289Ia 4500
005 20260324134044.0
008 008 260324s9999 xx 000 0 eng d
020 _a9780080495835
037 _aEBOOK
040 _aCRL
040 _beng
040 _cCRL
041 _2eng
041 _aeng
084 _qCRL
100 _aTrevor Ibbotson; Richard Rudin
_91195404
245 0 _aIntroduction to Journalism
245 0 _bEssential techniques and background knowledge
260 _bTaylor and Francis
260 _c2002
365 _a
365 _b230
856 _uhttp://www.taylorfrancis.com/books/9780080495835
942 _cEBOOK
999 _c1795067
_d1795067